National forest scaling handbook. (Record no. 10138)
[ view plain ]
| 000 -LEADER | |
|---|---|
| fixed length control field | 00897cam a22002411 4500 |
| 001 - CONTROL NUMBER | |
| control field | agr41000491 |
| 003 - CONTROL NUMBER IDENTIFIER | |
| control field | DLC |
| 005 - DATE AND TIME OF LATEST TRANSACTION | |
| control field | 20260227111000.0 |
| 008 - FIXED-LENGTH DATA ELEMENTS--GENERAL INFORMATION | |
| fixed length control field | 770906s1941 xx 000 0 eng |
| 010 ## - LIBRARY OF CONGRESS CONTROL NUMBER | |
| LC control number | agr41000491 |
| 035 ## - SYSTEM CONTROL NUMBER | |
| System control number | (OCoLC)3245051 |
| 040 ## - CATALOGING SOURCE | |
| Original cataloging agency | DLC |
| Transcribing agency | OC |
| Modifying agency | DLC |
| 042 ## - AUTHENTICATION CODE | |
| Authentication code | premarc |
| 050 00 - LIBRARY OF CONGRESS CALL NUMBER | |
| Classification number | SD555 |
| Item number | .U6 1940 |
| 110 1# - MAIN ENTRY--CORPORATE NAME | |
| Corporate name or jurisdiction name as entry element | United States. |
| Subordinate unit | Forest Service. |
| 245 10 - TITLE STATEMENT | |
| Title | National forest scaling handbook. |
| 260 ## - PUBLICATION, DISTRIBUTION, ETC. | |
| Place of publication, distribution, etc. | Washington, |
| Name of publisher, distributor, etc. | U.S. Govt. print. off., |
| Date of publication, distribution, etc. | 1941. |
| 300 ## - PHYSICAL DESCRIPTION | |
| Extent | v, 119 p. incl. illus., tables. |
| Dimensions | 20 cm. |
| 500 ## - GENERAL NOTE | |
| General note | At head of title: Revised May 1940, United States Department of agriculture, Forest service. |
| 500 ## - GENERAL NOTE | |
| General note | Revised edition of Instructions for the scaling and measurement of national-forest timber, originally issued Sept. 1916 and revised Oct. 1935. |
| 650 #0 - SUBJECT ADDED ENTRY--TOPICAL TERM | |
| Topical term or geographic name entry element | Forests and forestry |
| General subdivision | Measurement. |
| 740 0# - ADDED ENTRY--UNCONTROLLED RELATED/ANALYTICAL TITLE | |
| Uncontrolled related/analytical title | Forest scaling handbook. |
No items available.